Cities Very Close to the Sea - Statistics

General Stats
  • This quiz has been taken 7 times
  • The average score is 11 of 14
Answer Stats
Distance Hint City % Correct
6 km Largest city of the Basque Country Bilbao
100%
7 km Capital of Venezuela Caracas
100%
11 km Capital of Italy Rome
100%
11 km Largest city in Brazil São Paulo
100%
15 km Capital of South Korea Seoul
100%
0.9 km Shakira's birthplace Barranquilla
83%
0.5 km Largest city of Hokkaido island Sapporo
83%
9 km First capital of the Ottoman Empire Bursa
67%
10 km Capital of Benin Porto-Novo
67%
13 km Russian city close to the Ukrainian border Rostov-on-Don
67%
6 km A Russian harbour close to the White Sea Arkhangelsk
50%
4 km One of the largest cities in southern France Montpellier
50%
3 km Former capital of the Philippines Quezon City
50%
2 km A city in West Pomerania, Poland Koszalin
33%
No matching quizzes found
Score Distribution
Percent of People with Each Score
Percentile by Number Answered
Your Score History
You have not taken this quiz